| 000 | 00893nam a22002417a 4500 | ||
|---|---|---|---|
| 999 |
_c15852 _d15852 |
||
| 003 | AR-CdUCM | ||
| 008 | 190430b ||||| |||| 00| 0 spa d | ||
| 040 |
_aMUNICIPALIDAD PROVINCIAL DEL CUSCO _cBIBLIOTECA MUNICIPAL DEL CUSCO |
||
| 082 |
_a398 / _bSO71 |
||
| 100 |
_aSoto Ruiz, Clodoaldo _918295 |
||
| 245 |
_aMiski willakuykuna paqarichisqaykuta : _bÑawinchasun / |
||
| 260 |
_aLima : _bImprenta Acuarios, _c2007. |
||
| 300 |
_a26 paginas ; _bIlustraciones, _c21 cm. |
||
| 500 | _aNota : Texto en Quechua | ||
| 505 | _aContenido :Ukuchawan atuq -- Utulupa musquyninmantawan -- Yutuchamantawan papachamantawan... | ||
| 650 |
_aLiteratura cusqueña _9164 |
||
| 650 |
_aCuentos en quechua _918110 |
||
| 700 |
_aGamboa Bendezú, Javier _935051 |
||
| 700 |
_aQuispe Mejia, Alejandrino _935052 |
||
| 700 |
_aOré Espinoza, Jorge _935053 |
||
| 942 |
_2ddc _cLIBROS |
||
| 945 |
_awnts _d2019-04-30 |
||